000 01148nam a2200301 a 4500
001 000001806
005 20250527113226.0
008 090629s2005 bl ac 001 0 spa d
020 _a8589309096
040 _aDO-SdBNP
082 _a658.4
_bG633s
100 1 _aGomes da Costa, Antonio Carlos
_d1949-
_95868
245 1 0 _aSer empresário :
_bo pensamento de Norberto Odebrecht /
_cAntono Carlos Gomes Da Costa ; editor José Enriquez Barreire, María Isabel Borja.
260 _aRio de Janeiro :
_bVersal,
_c2005.
300 _a349 p. :
_bil., retrs. ;
_c25 cm.
500 _aIncluye índice
500 _aLa biblioteca posee la primera reimpresión de la primera edición 2004
504 _aIncluye referencias bibliográficas (p.347- 349)
600 1 4 _aODEBRECHT, NORBERTO,
_d1920-
_95869
650 0 _aAdministración industrial
_95872
650 0 _aEmpresas
_95870
650 4 _aEmpresarios industriales
_95871
650 0 _aAdministración industrial
_95872
700 1 _aBarreire, José Enriquez
_eed.
_95873
700 1 _aIsabel Borja, María
_eed.
_95874
910 _aValidado. Control de calidad BNPHU
999 9 9 _a1
_n0000911
_c1683
_d1683
049 _aBNPD